000 00376nam a2200145Ia 4500
008 211122s9999||||xx |||||||||||||| ||und||
082 _a894.8121
_bONV-N
100 _aO N V Kurup,
245 0 _aNjanagni
260 _bD.C.Books
_aKottatam
_c2005
300 _a100p.
630 _xGeneral Stack
650 _aMalayalam Literature
_vMalayalam PoetryGeneralia
942 _cBOOK
999 _c132733
_d132733